000 00643nam a2200157 a 4500
008 120416s1977 ||||||||||||||||| || u
050 _aHF 5417 Gab
100 _aGabor, Andre
245 1 0 _aPricing
246 _aprinciples and practice
260 _aLondon
_bHeinemann
_c(1977)
300 _axii, 276p. : ill
350 _a0.00
995 _aMAIN LIBRARY OPEN ACCESS
_D0.00
_e004561
_FCBU-MAIN LIBRARY (Kitwe)
_H1
_I0.00
_jHF 5417 Gab
_UAVAILABLE
_y004561
_ZMain Library Open Access Collection
995 _aMAIN LIBRARY OPEN ACCESS
_D0.00
_e004560
_FCBU-MAIN LIBRARY (Kitwe)
_H2
_I0.00
_jHF 5417 Gab
_UAVAILABLE
_y004560
_ZMain Library Open Access Collection
999 _c77056
_d77056